| 000 | 05488cam a22018014i 4500 | ||
|---|---|---|---|
| 003 | PE-LiUPU | ||
| 005 | 20250813165817.0 | ||
| 008 | 150706s2009 ag a r 000 0 spa d | ||
| 020 | _a9875700908 | ||
| 020 | _a9789875700901 | ||
| 035 | _a(Sirsi) i9789875700901 | ||
| 040 |
_aPE-LiUPU _bspa _cPE-LiUPU _dPE-LiUPU _erda |
||
| 049 | _aPRUA | ||
| 082 | 0 | 4 |
_a610.73 _bC45 _221 |
| 100 | 1 |
_aCeraso, Oreste L., _eautor. |
|
| 245 | 1 | 0 |
_aDolor. manual para enfermería / _cOreste L. Ceraso. |
| 264 | 1 |
_aBuenos Aires : _bAkadia, _c2009. |
|
| 300 | _a01 CD-ROM | ||
| 300 |
_a241 páginas : _bilustraciones ; _c24 centímetros |
||
| 336 |
_atext _2rdacontent |
||
| 337 |
_aunmediated _2rdamedia |
||
| 338 |
_avolume _2rdacarrier |
||
| 505 | 0 | _aDefinición de enfermería-CIE -- ¿Por qué este manual? -- ¿Por qué el tema dolor? -- ¿Por qué enfermería?.-Objetivos -- Magnitud del problema -- Dolor: un fenómeno biopsicosocial -- Dimensiones del dolor -- Dimensión fisiológico-sensorial -- Enfermería y dolor: principios básicos I -- Dolor: su conceptualización -- Clasificación del dolor -- Enfermería y dolor: principios básicos 2 -- Definiciones relacionadas con el dolor -- Valuación y medición del dolor -- Enfermería y dolor: Principios básicos 3 -- Manejo del dolor -- Enfermería y dolor: principios básicos 4 -- Abordaje terapéutico del dolor (generalidades) -- Abordaje terapéutico farmacológico del dolor -- Enfermería y dolor: principios básicos 5 -- Administración de analgésicos -- Opioides analgésicos -- Enfermería y dolor: principios básicos 6 -- Antiinflamatorios no esteroideos (AINE) y antitérmicos analgésicos (AA) -- Cannabinoides -- Analgésicos y adyuvantes -- Escalera analgésica (AA) de la organización mundial de la salud (OMS) -- Placebo y efecto placebo, nocebo y efecto nocebo -- Abordaje terapéutico no farmacológico del dolor -- Enfermería y dolor: principios básicos 7 -- Técnicas invasivas -- Manejo pluri-inter y transdisciplinario y multimodal del dolor -- La enfermería en cuidado del paciente con dolor -- Dolor y enfermería: en el hospital y en la atención domiciliaria -- Actitud de la enfermería ante el dolor y su tratamiento -- anécdotas y relatos -- Razones de una analgesia ineficiente -- Educación y dolor.. | |
| 526 | _aP203 | ||
| 526 | _aP200 | ||
| 526 | _aSEG65 | ||
| 526 | _aSEG64 | ||
| 526 | _aSEG63 | ||
| 526 | _aSEG62 | ||
| 526 | _aSEG61 | ||
| 526 | _aSEG60 | ||
| 526 | _aSEG59 | ||
| 526 | _aSEG58 | ||
| 526 | _aSEG57 | ||
| 526 | _aSEG56 | ||
| 526 | _aSEG55 | ||
| 526 | _aSEG54 | ||
| 526 | _aSEG53 | ||
| 526 | _aSEG52 | ||
| 526 | _aSEG51 | ||
| 526 | _aSEG50 | ||
| 526 | _aSEG49 | ||
| 526 | _aSEG48 | ||
| 526 | _aSEG47 | ||
| 526 | _aSEG46 | ||
| 526 | _aSEG24 | ||
| 526 | _aSEG23 | ||
| 526 | _aSEG22 | ||
| 526 | _aSEG21 | ||
| 526 | _aSEG20 | ||
| 526 | _aSEG19 | ||
| 526 | _aSEG18 | ||
| 526 | _aSEG17 | ||
| 526 | _aSEG16 | ||
| 526 | _aSEG14 | ||
| 526 | _aSEG13 | ||
| 526 | _aSEG12 | ||
| 526 | _aSEG11 | ||
| 526 | _aSEG10 | ||
| 526 | _aSEG09 | ||
| 526 | _aSEG06 | ||
| 526 | _aSEG05 | ||
| 526 | _aSEG04 | ||
| 526 | _aSEG03 | ||
| 526 | _aSEG02 | ||
| 526 | _aSEG68 | ||
| 526 | _aSEG66 | ||
| 526 | _aSEG45 | ||
| 526 | _aSEG25 | ||
| 526 | _aSEG01 | ||
| 526 | _aP163 | ||
| 526 | _aP162 | ||
| 526 | _aP161 | ||
| 526 | _aP160 | ||
| 526 | _aP159 | ||
| 526 | _aP158 | ||
| 526 | _aP157 | ||
| 526 | _aP156 | ||
| 526 | _aP155 | ||
| 526 | _aP154 | ||
| 526 | _aP153 | ||
| 526 | _aP152 | ||
| 526 | _aP151 | ||
| 526 | _aP150 | ||
| 526 | _aP149 | ||
| 526 | _aP142 | ||
| 526 | _aP141 | ||
| 526 | _aP140 | ||
| 526 | _aP139 | ||
| 526 | _aP138 | ||
| 526 | _aP137 | ||
| 526 | _aP132 | ||
| 526 | _aP131 | ||
| 526 | _aP130 | ||
| 526 | _aP126 | ||
| 526 | _aP125 | ||
| 526 | _aP124 | ||
| 526 | _aP123 | ||
| 526 | _aP115 | ||
| 526 | _aP122 | ||
| 526 | _aP121 | ||
| 526 | _aP116 | ||
| 526 | _a P114 | ||
| 526 | _aP112 | ||
| 526 | _aP111 | ||
| 526 | _aP104 | ||
| 526 | _aP103 | ||
| 526 | _aP102 | ||
| 526 | _aP101 | ||
| 526 | _aP100 | ||
| 526 | _aP96 | ||
| 526 | _aP95 | ||
| 526 | _aP93 | ||
| 526 | _aP92 | ||
| 526 | _aP91 | ||
| 526 | _aP88 | ||
| 526 | _aP83 | ||
| 526 | _aP82 | ||
| 526 | _aP79 | ||
| 526 | _aP78 | ||
| 526 | _aP75 | ||
| 526 | _aP74 | ||
| 526 | _aP71 | ||
| 526 | _aP69 | ||
| 526 | _a P51 | ||
| 526 | _aP49 | ||
| 526 | _aP48 | ||
| 526 | _aP47 | ||
| 526 | _aP33 | ||
| 526 | _aP31 | ||
| 526 | _a P30 | ||
| 526 | _aP29 | ||
| 526 | _aP27 | ||
| 526 | _aP26 | ||
| 526 | _aP25 | ||
| 526 | _aP24 | ||
| 526 | _a P22 | ||
| 526 | _aP10 | ||
| 526 | _aP09 | ||
| 526 | _a P08 | ||
| 526 | _aP06 | ||
| 526 | _aP05 | ||
| 526 | _aP04 | ||
| 526 | _aP01 | ||
| 541 | _g015-0012110; | ||
| 650 | 0 | 4 |
_aEnfermería. _93122 |
| 910 |
_agl _bjv _clch _d20101109 |
||
| 942 |
_2ddc _cBOOK |
||
| 949 |
_a610.73 C45 _wDEWEY _c1 _i62249 _d2016-9-8 _e2016-9-8 _lCCODEBUL1 _mBUL _n2 _p50.00 _r0 _sY _tBOOK _u2015-7-6 _xSALUD _PP22 _0COMPRA _o.STAFF. Colección Ciencias de la Salud |
||
| 994 |
_aC0 _bPEPRU |
||
| 596 | _a1 | ||
| 999 |
_a610.73 C45 _wDEWEY _c51328 _i62249 _d51328 _e2017-9-24 _f2021-11-3 _g5 _lCCODEBUL1 _mBUL _n3 _p50.00 _q1 _r0 _sY _tBOOK _u2015-7-6 _xSALUD _zP22 _0COMPRA _o.STAFF. Colección Ciencias de la Salud |
||
| 980 |
_81 _gALBERTO SANCHEZ Responsable de Automatización |
||